000 00456nam a2200157Ia 4500
008 231217s9999 xx 000 0 und d
041 _aEnglish
082 _a498.8 SHA;1 R
100 _aSharada Jayagovind. Artilaje, Srikrishna Bhat.
245 0 _aDravidic studies : a collection of articles by Prof. M M Bhat
250 _a1st ed.
260 _c2008
_bM & I Books
_aChennai
300 _aviii, 251
650 _aMarketing,management
942 _cAA
999 _c199233
_d199233